000 00981nam a22002897a 4500
003 CHAP
005 20220817042342.0
008 971013s1992 r 00010 d
010 _a41762
011 _a42734
035 _a46863
040 _cCHAP
082 _a333.72
_bW66
110 _aWorld Resources Institute
_9122735
245 _aGlobal biodiversity strategy
_b: guidelines for action to save, study and use earth's biotic wealth sustainably and equitably
260 _a[New York] :
_bWorld Conservation Union,
_c1992
300 _a244 p.
_b: ilus.
590 _aBATCH-UPD
_b10
_c20130110
_lUCH01
_h1949
590 _aBATCH-UPD
_b10
_c20130410
_lUCH01
_h1311
590 _aBATCH-UPD
_b10
_c20130914
_lUCH01
_h0628
590 _aCONVERSION
_b10
_c20130109
_lUCH01
_h1323
650 1 4 _aBiodiversidad.
_912724
650 1 4 _aRecursos naturales
_xConservación.
901 _aBK
942 _cLIBRO
949 _a333.72 W66
_bBC
_cC
_d33724000491031
_eC
_gI.c/e
_h88848
_i46863
_si
_t86.91
999 _c41762
_d41762